Nitrogen fixation /
Guardado en:
| Otros Autores: | |
|---|---|
| Formato: | Libro |
| Idioma: | English |
| Publicado: |
Oxford : New York :
Clarendon Press ; Oxford University Press,
1981-<1986.
|
| Etiquetas: |
Agregar Etiqueta
Sin Etiquetas, Sea el primero en etiquetar este registro!
|
| LEADER | 01073cam a2200265 a 4500 | ||
|---|---|---|---|
| 001 | EEA.libagro010029 | ||
| 005 | 20190515105336.0 | ||
| 008 | 800905m19819999enk######b####001#0#eng## | ||
| 010 | |a 80040612 | ||
| 020 | |a 0198545401 (v. 1) | ||
| 020 | |a 0198545525 (v. 2) | ||
| 020 | |a 019854555X (v. 3) | ||
| 040 | |a DLC |c DLC |d DLC |d OCoLC |d DLC | ||
| 050 | 0 | 0 | |a QR89.7 |b .N55 1981 |
| 082 | 0 | 0 | |a 631.847 |
| 245 | 0 | 0 | |a Nitrogen fixation / |c edited by W. J. Broughton. |
| 260 | |a Oxford : |b Clarendon Press ; |a New York : |b Oxford University Press, |c 1981-<1986. | ||
| 300 | |a v. <1-4 > ; |c 24 cm. | ||
| 500 | |a La biblioteca posee: vols. 1-3. | ||
| 504 | |a Incluye referencias bibliográficas e índices. | ||
| 505 | 0 | |a v. 1. Ecology. -- v. 2. Rhizobium. -- v. 3. Legumes. -- v. 4. Molecular biology. | |
| 700 | 1 | |a Broughton, William |q (William J.) | |
| 859 | |a AR-BbBCA |b BIB. AGRONOMIA |h 631.847 |i B875 |p 1988/1048 |v Vol. 1 |3 Vol. 1 | ||
| 859 | |a AR-BbBCA |b BIB. AGRONOMIA |h 631.847 |i B875 |p 1988/1049 |v Vol. 2 |3 Vol. 2 | ||
| 859 | |a AR-BbBCA |b BIB. AGRONOMIA |h 631.847 |i B875 |p 1988/1050 |v Vol. 3 |3 Vol. 3 | ||
